MARC details
| 000 -LEADER |
| fixed length control field |
02613cam a2200505 i 4500 |
| 001 - CONTROL NUMBER |
| control field |
3200215 |
| 005 - DATE AND TIME OF LATEST TRANSACTION |
| control field |
20220812175706.0 |
| 008 - FIXED-LENGTH DATA ELEMENTS--GENERAL INFORMATION |
| fixed length control field |
210825s2021 nyua c 000 1 eng d |
| 020 ## - INTERNATIONAL STANDARD BOOK NUMBER |
| International Standard Book Number |
9780735844445 : |
| Terms of availability |
$22.00 |
| 020 ## - INTERNATIONAL STANDARD BOOK NUMBER |
| International Standard Book Number |
0735844445 : |
| Terms of availability |
$22.00 |
| 035 ## - SYSTEM CONTROL NUMBER |
| System control number |
(OCoLC)1237344528 |
| 035 ## - SYSTEM CONTROL NUMBER |
| System control number |
(OCoLC)on1237344528 |
| 040 ## - CATALOGING SOURCE |
| Original cataloging agency |
PABRO |
| Language of cataloging |
eng |
| Description conventions |
rda |
| Transcribing agency |
PABRO |
| 041 ## - LANGUAGE CODE |
| Language code of text/sound track or separate title |
eng |
| Language code of original and/or intermediate translations of text |
ger |
| 050 #4 - LIBRARY OF CONGRESS CALL NUMBER |
| Classification number |
PZ7.1.K84 |
| Item number |
Ein 2021 |
| 082 04 - DEWEY DECIMAL CLASSIFICATION NUMBER |
| Classification number |
[Fic] |
| Edition number |
23 |
| 092 ## - LOCALLY ASSIGNED DEWEY CALL NUMBER (OCLC) |
| Classification number |
junior graphic |
| Item number |
Kuhlmann |
| 100 1# - MAIN ENTRY--PERSONAL NAME |
| Personal name |
Kuhlmann, Torben, |
| Dates associated with a name |
1982- |
| Relator term |
author, |
| -- |
illustrator. |
| 9 (RLIN) |
6275787 |
| 245 10 - TITLE STATEMENT |
| Title |
Einstein : |
| Remainder of title |
the fantastic journey of a mouse through time and space / |
| Statement of responsibility, etc |
Torben Kuhlmann ; translated by David Henry Wilson. |
| 264 #1 - Production, Publication, Distribution, Manufacture, and Copyright Notice. |
| Place of production, publication, distribution, manufacture |
New York : |
| Name of producer, publisher, distributor, manufacturer |
NorthSouth Books, |
| Date of production, publication, distribution, manufacture, or copyr |
[2021] |
| 300 ## - PHYSICAL DESCRIPTION |
| Extent |
1 volume (unpaged) : |
| Other physical details |
color illustrations ; |
| Dimensions |
29 cm |
| 336 ## - Content Type |
| Content type term |
text |
| 337 ## - Media type |
| Media type term |
unmediated |
| 338 ## - Carrier type |
| Carrier type term |
volume |
| 520 ## - SUMMARY, ETC. |
| Summary, etc |
When an inventive mouse misses the biggest cheese festival the world has ever seen, he's determined to turn back the clock. But what is time, and can it be influenced? With the help of a mouse clockmaker, a lot of inventiveness, and the notes of a certain famous Swiss physicist he succeeds in traveling back in time. But when he misses his goal by eighty years, the only one who can help is an employee of the Swiss Patent Office, who turned our concept of space and time upside down. |
| 521 1# - TARGET AUDIENCE NOTE |
| Target audience note |
8-12 |
| Source |
Brodart. |
| 521 2# - TARGET AUDIENCE NOTE |
| Target audience note |
3-7 |
| Source |
Brodart. |
| 600 10 - SUBJECT ADDED ENTRY--PERSONAL NAME |
| Personal name |
Einstein, Albert, |
| Dates associated with a name |
1879-1955 |
| Form subdivision |
Juvenile fiction. |
| 9 (RLIN) |
6453493 |
| 600 11 - SUBJECT ADDED ENTRY--PERSONAL NAME |
| Personal name |
Einstein, Albert, |
| Dates associated with a name |
1879-1955 |
| Form subdivision |
Fiction. |
| 9 (RLIN) |
5785458 |
| 650 #0 - SUBJECT ADDED ENTRY--TOPICAL TERM |
| Topical term or geographic name as entry element |
Mice |
| Form subdivision |
Juvenile fiction. |
| 9 (RLIN) |
5676295 |
| 650 #0 - SUBJECT ADDED ENTRY--TOPICAL TERM |
| Topical term or geographic name as entry element |
Time travel |
| Form subdivision |
Juvenile fiction. |
| 9 (RLIN) |
5675075 |
| 650 #1 - SUBJECT ADDED ENTRY--TOPICAL TERM |
| Topical term or geographic name as entry element |
Mice |
| Form subdivision |
Fiction. |
| 650 #1 - SUBJECT ADDED ENTRY--TOPICAL TERM |
| Topical term or geographic name as entry element |
Time travel |
| Form subdivision |
Fiction. |
| 9 (RLIN) |
5674119 |
| 650 #7 - SUBJECT ADDED ENTRY--TOPICAL TERM |
| Topical term or geographic name as entry element |
JUVENILE FICTION / Animals / Mice, Hamsters, Guinea Pigs, etc. |
| Source of heading or term |
bisacsh |
| 9 (RLIN) |
5713191 |
| 650 #7 - SUBJECT ADDED ENTRY--TOPICAL TERM |
| Topical term or geographic name as entry element |
JUVENILE FICTION / Technology / General. |
| Source of heading or term |
bisacsh |
| 9 (RLIN) |
6011644 |
| 650 #7 - SUBJECT ADDED ENTRY--TOPICAL TERM |
| Topical term or geographic name as entry element |
JUVENILE FICTION / Comics & Graphic Novels / Animals. |
| Source of heading or term |
bisacsh |
| 9 (RLIN) |
5991821 |
| 700 1# - ADDED ENTRY--PERSONAL NAME |
| Personal name |
Wilson, David Henry, |
| Dates associated with a name |
1937- |
| Relator term |
translator. |
| 9 (RLIN) |
5687534 |
| 700 12 - ADDED ENTRY--PERSONAL NAME |
| Personal name |
Kuhlmann, Torben, |
| Dates associated with a name |
1982- |
| Title of a work |
Einstein. |
| Language of a work |
English. |
| 9 (RLIN) |
6453494 |
| 942 ## - ADDED ENTRY ELEMENTS (KOHA) |
| Source of classification or shelving scheme |
Dewey Decimal Classification |
| Koha item type |
BOOK |